I toni dell'amore : love is strange /

Đã lưu trong:
Chi tiết về thư mục
Tác giả khác: Sachs, Ira (Giám đốc, Người viết kịch bản), Joaquin, Lucas (Nhà sản xuất), Voudouris, Christos, (sec. 20.) (Nhiếp ảnh gia), Zacharias, Mauricio (Người viết kịch bản), Burrows, Darren (Diễn viên), Molina, Alfred (Diễn viên), Lithgow, John (Diễn viên)
Định dạng: Slide
Ngôn ngữ:Tiếng Italy
Tiếng Anh
Được phát hành: [Milano] : Koch Media [distributore], [2015]
Các nhãn: Thêm thẻ
Không có thẻ, Là người đầu tiên thẻ bản ghi này!

MARC

LEADER 00000ngm a22000007i 4500
001 IT\ICCU\MOD\1646575
003 ItRI
005 20260124182900.0
008 150516s2015 it |||||||||||||||k|||||c
024 3 1 |a 4020628865610 
028 4 2 |a 1006416  |b Koch Media 
040 |b ita 
041 7 |a ita  |a eng  |2 ISO-639-2 
130 0 |a Love Is Strange <film ; 2014>  |3 IT\ICCU\MOD\1646576 
245 0 2 |a I toni dell'amore :  |b love is strange /  |c directed by Ira Sachs ; written by Ira Sachs & Mauricio Zacharias ; director of photography Christos Voudouris ; produced by Lucas Joaquin ; [cast] Alfred Molina, John Lithgow, Darren Burrows... [et al.]. 
260 |a [Milano] :  |b Koch Media [distributore],  |c [2015] 
300 |a 1 DVD-Video (ca. 91 min.) ;  |c in contenitore, 19 cm 
500 |a Etichetta: Koch Media 
500 |a Caratteristiche tecniche: regione 2; PAL; widescreen 16:9, 1.85:1 aspect ratio; DVD 9; Dolby digital 5.1 DTS, 5.1; color 
500 |a Titolo del contenitore 
500 |a Data desunta da catalogo online 
500 |a Produzione cinematografica USA/Francia/Brasile/Grecia 2014 
500 |a Lingue: italiano, inglese; sottotitoli: italiano 
500 |a Contenuti extra: Making of; Trailer. 
700 1 |a Sachs, Ira  |0 IT\ICCU\CAGV\729089  |4 drt 
700 1 |a Sachs, Ira  |0 IT\ICCU\CAGV\729089  |4 sce 
700 1 |a Joaquin, Lucas  |0 IT\ICCU\DDSV\350702  |4 pro 
700 1 |a Voudouris, Christos,  |d  (sec. 20.)  |0 IT\ICCU\MODV\655175  |4 pht 
700 1 |a Zacharias, Mauricio  |0 IT\ICCU\MODV\658522  |4 sce 
700 1 |a Burrows, Darren  |0 IT\ICCU\MODV\658523  |4 act 
700 1 |a Molina, Alfred  |0 IT\ICCU\PUVV\149601  |4 act 
700 1 |a Lithgow, John  |0 IT\ICCU\UBOV\493919  |4 act 
710 2 |a Koch Media  |0 IT\ICCU\DDSV\305584  |4 pbl 
791 2 |a Deep Silver (azienda di videogiochi)  |3 IT\ICCU\PCMV\001090  |y Koch Media 
942 |2 ddc  |c VM  |n 0 
952 |0 0  |1 0  |4 0  |6 VO_2177_000000000000000  |7 0  |9 27483  |a BO  |b BO  |d 2026-01-24  |i 17939  |l 0  |o VO 2177  |p BO17939  |r 2026-01-24 18:29:00  |w 2026-01-24  |x [Sebina 5] [1 dvd]  |y VM  |z 1 dvd 
999 |c 23278  |d 23278